Ηγεσία και διοίκηση εκπαιδευτικών μονάδων : η ταυτότητα του διευθυντή της πρωτοβάθμιας εκπαίδευσης
Αποθηκεύτηκε σε:
| Κύριος συγγραφέας: | |
|---|---|
| Άλλοι συγγραφείς: | |
| Μορφή: | Βιβλίο |
| Γλώσσα: | Greek |
| Δημοσίευση: |
[Θεσσαλονίκη] :
Αδελφοί Κυριακίδη Α.Ε.,
c2007.
|
| Σειρά: | Καινοτομίες στην εκπαίδευση ;
v. 50 |
| Θέματα: | |
| Ετικέτες: |
Προσθήκη ετικέτας
Δεν υπάρχουν, Καταχωρήστε ετικέτα πρώτοι!
|
MARC
| LEADER | 00000cam a2200000 i 4500 | ||
|---|---|---|---|
| 001 | 1/29461 | ||
| 008 | 130515s2007 gr | ||| |||| ||gre|| | ||
| 020 | |a 9789603439752 | ||
| 035 | |l 10114383 | ||
| 040 | |a GR-MyUa |b gre |e AACR2 | ||
| 041 | 0 | |a gre | |
| 082 | 7 | |a 371.200 |2 (22) | |
| 100 | 1 | |a Ράπτης, Νικόλαος Γ., |d 1963- | |
| 245 | 1 | 0 | |a Ηγεσία και διοίκηση εκπαιδευτικών μονάδων : |b η ταυτότητα του διευθυντή της πρωτοβάθμιας εκπαίδευσης / |c Νικος Ράπτης, Χρυσή Βιτσιλάκη. |
| 260 | |a [Θεσσαλονίκη] : |b Αδελφοί Κυριακίδη Α.Ε., |c c2007. | ||
| 300 | |a 198 σ. : |b πιν. ; |c 24 εκ. | ||
| 490 | 1 | |a (Καινοτομίες στην εκπαίδευση ; |v vol. 50) | |
| 504 | |a Βιβλιογραφία: σ. [171]-178. | ||
| 650 | 0 | 0 | |a School management and organization |z Greece. |
| 650 | 0 | 0 | |a School administrators |z Greece. |
| 650 | 0 | 0 | |a School principals |z Greece. |
| 700 | 1 | |a Βιτσιλάκη, Χρυσή. | |
| 830 | 0 | |a Καινοτομίες στην εκπαίδευση ; |v v. 50 | |
| 852 | |a INST |b RHODES |e 20191024 |h 371.200 ΡΑΠ |p 005400041219 |q 005400041219 |t BK |y 10 | ||
| 852 | |a INST |b RHODES |c EUDOXUS |e 20130515 |h 371.200 ΡΑΠ |p 005400035188 |q 005400035188 |t EDX |y 0 | ||
| 901 | |a BIBL4-2013-2 | ||
| 920 | |a Εύδοξος |b Παραγγελία |y Ρόδος-ΤΕΠΑΕΣ |z 2013-05 | ||
| 970 | |z 15-05-2013 | ||